|
|
|
|
| LEADER |
00701ntm a2200169 i 4500 |
| 001 |
misc47059 |
| 005 |
20201221101309.0 |
| 008 |
201221s1905 hu o 0|| hun d |
| 040 |
|
|
|a SZTE Miscellanea Repozitórium
|b hun
|
| 041 |
|
|
|a hun
|
| 100 |
1 |
|
|a Herrmann Antal
|
| 245 |
1 |
0 |
|a Néprajzi kincseink gyűjtése ; Atyám ifjukori verseiből. Németből fordította ifj. dr. Herrmann Antal = Brassói Lapok 1905. máj. 28.
|h [elektronikus dokumentum] /
|c Herrmann Antal
|
| 260 |
|
|
|c 1905-05-28
|
| 300 |
|
|
|a 3 p.
|
| 561 |
|
|
|a Herrmann Antal hagyaték
|
| 695 |
|
|
|a Keszthely, Balaton-múzeum, néprajzkutatás
|
| 856 |
4 |
0 |
|u http://misc.bibl.u-szeged.hu/47059/1/hermann_antal_ms_1934_008_egyeb_087.pdf
|z Dokumentum-elérés
|